000
00292nam a22001337a 4500
008
170915b xxu||||| |||| 00| 0 eng d
020
_a
9780312415167
041
_a
eng
080
_2
5 ED
_a
7
100
_a
44
101
_a
ART
245
_a
ANATOMY OF FILM
_c
DICK.B.E
942
_2
udc
_c
BK
999
_c
27844
_d
27844